| 000 | 00634nam a2200205 a 4500 | ||
|---|---|---|---|
| 001 | 000032975 | ||
| 003 | DO-SdBNP | ||
| 005 | 20250205114726.0 | ||
| 008 | 110804s1964 dr ab r 000 0 spa d | ||
| 040 |
_aDO-SdBNP _bspa _cBNPHU |
||
| 082 |
_axxxx _bR426g |
||
| 110 | 1 |
_aRepública Dominicana. _bSecretaría de Estado de Educación, Bellas Artes y Cultos _923965 |
|
| 245 | 1 | 0 |
_aGalería nacional de bellas artes : _bcatálogo. |
| 260 |
_aSanto Domingo : _bBrigadas Dominicanas, _c1964. |
||
| 300 |
_a88 p. : _bil., retr. |
||
| 490 | 1 | _aBaluarte | |
| 590 | _aInventariado, 2019/BT | ||
| 830 | 0 |
_aBaluarte _935758 |
|
| 942 |
_2ddc _cLBS1 |
||
| 999 |
_c32466 _d32466 |
||